000 01562cas a2200265 a 4500
005 20251028170926.0
006 s|||||o|||| 00| 0
008 991125c2017 ag fr p|o 000 0 spa d
022 _a1853-9092
035 _aUPN01000224918
040 _aMX-MxUPN
_bspa
_eaacr2
_cMX-MxUPN
049 _aREV-E
245 0 0 _aArgonautas. Revista digital de educación y ciencias sociales
_h[recurso electrónico en línea]
260 _aArgentina :
_bUniversidad Nacional de San Luis, Facultad de Ciencias Humanas, Departamento de Educación y Formación Docente,
_c2011-
310 _aSemestral
506 0 _aAcceso abierto
510 1 _aRebid
520 1 _a"Es una publicación cuyo propósito es propiciar un espacio de divulgación y discusión sobre problemáticas vinculadas a las Ciencias Sociales, ponderando los procesos de comprensión y discusión desde el campo educativo. El público al que está orientada la revista, por lo tanto, son los diferentes actores del sistema educativo y el mundo académico interesados en el dominio de la Educación, Ciencias Sociales y Humanas. El objetivo es generar un espacio de divulgación, discusión y de reflexión sobre los diversos temas de la Educación y sus articulaciones y/o aportes con las Ciencias Sociales y Humanas".
_cArgonautas : revista digital de educación y ciencias sociales
650 4 _aCiencias sociales
_99133
650 4 _aEducación
_9682
856 4 0 _uhttps://fchportaldigital.unsl.edu.ar/index.php/argonautas
902 _aGloria Jiménez
905 _aRevista
942 _cREV-E
999 _c197015
_d197015